Literature - American | 2 | 7 | 0 | 0 | 100 | 52 | 92.56 | 0 | 1 |
Literature - British | 3 | 4 | 0 | 0 | 85 | 41 | 86.57 | 0 | 2 |
Literature - World and Miscellaneous | 1 | 4 | 0 | 0 | 55 | 64 | 103.80 | 0 | 0 |
Literature - European | 1 | 2 | 0 | 0 | 35 | 66 | 89.00 | 1 | 1 |
RMP - Greco-Roman Mythology | 2 | 0 | 0 | 0 | 30 | 55 | 55.00 | 0 | 0 |
RMP - World Mythology | 0 | 3 | 0 | 0 | 30 | 75 | 95.00 | 0 | 0 |
History - American | 0 | 3 | 0 | 0 | 30 | 68 | 89.67 | 0 | 0 |
Fine Arts - Miscellaneous | 0 | 3 | 0 | 0 | 30 | 67 | 98.33 | 0 | 1 |
Science - Biology | 0 | 2 | 0 | 0 | 20 | 95 | 100.00 | 0 | 0 |
Fine Arts - Music | 0 | 2 | 0 | 0 | 20 | 119 | 123.50 | 0 | 0 |
History - Cross, Historiography, and Miscellaneous | 1 | 0 | 0 | 0 | 15 | 59 | 59.00 | 0 | 0 |
Current Events - World | 0 | 1 | 0 | 0 | 10 | 91 | 91.00 | 0 | 0 |
RMP - Christian Practice | 0 | 1 | 0 | 0 | 10 | 94 | 94.00 | 0 | 0 |
RMP - Hinduism | 0 | 1 | 0 | 0 | 10 | 131 | 131.00 | 0 | 0 |
Science - Astronomy | 0 | 0 | 0 | 0 | 0 | | 0.00 | 0 | 0 |
Science - Math | 0 | 0 | 0 | 0 | 0 | | 0.00 | 0 | 0 |